| Tag |
First Indicator |
Second Indicator |
Subfields |
| LEADER |
00000cas a2200000 4500 |
| 001 |
in00000047758 |
| 005 |
20151007075519.0 |
| 008 |
751101c18909999nyumr p 0uuua0eng |
| 010 |
|
|
|a 06035427
|
| 022 |
|
|
|a 0035-9653
|
| 035 |
|
|
|a (OCoLC)01764636
|
| 035 |
|
|
|9 AAF3339AM
|
| 040 |
|
|
|a DLC
|c MUL
|d YUS
|d NSD
|d COO
|d YUS
|d NYG
|d TXA
|d UtOrBLW
|
| 049 |
|
|
|a TXAE
|
| 050 |
0 |
0 |
|a VM320
|b .R8
|
| 245 |
0 |
4 |
|a The Rudder.
|
| 246 |
0 |
4 |
|a Rudder.
|b A monthly journal devoted to aquatic sport and trade
|f v. 1-4
|
| 264 |
|
1 |
|a New York :
|b The Rudder Publishing Co.
|
| 300 |
|
|
|a volumes :
|b illustrations, plates (part color) portraits, maps, diagrams ;
|c 30 cm.
|
| 336 |
|
|
|a text
|b txt
|2 rdacontent
|
| 337 |
|
|
|a unmediated
|b n
|2 rdamedia
|
| 338 |
|
|
|a volume
|b nc
|2 rdacarrier
|
| 362 |
0 |
|
|a v. 1- May 1890-
|
| 650 |
|
0 |
|a Yachting
|v Periodicals.
|
| 650 |
|
0 |
|a Shipbuilding
|v Periodicals.
|
| 650 |
|
0 |
|a Yachts.
|
| 780 |
0 |
5 |
|t Sail and paddle
|g Dec. 1891
|
| 999 |
|
|
|a MARS
|
| 999 |
f |
f |
|s e97aeffb-d550-3cfa-9d71-865b98ad7658
|i 0d71dba7-ef19-3109-8487-fd2535ebbe8e
|t 0
|
| 952 |
f |
f |
|a Texas A&M University
|b College Station
|c Cushing Memorial Library & Archives
|d Cushing: Maritime (Does not check out)
|e VM320 .R8
|h Library of Congress classification
|i unmediated -- volume
|k v.13
|l 1902
|m A14852371294
|p noncirc
|s cush naut
|t 0
|
| 952 |
f |
f |
|a Texas A&M University
|b College Station
|c Cushing Memorial Library & Archives
|d Cushing: Maritime (Does not check out)
|e VM320 .R8
|h Library of Congress classification
|i unmediated -- volume
|k v.65
|l 1949
|m A14842159650
|p noncirc
|s cush naut
|t 0
|
| 952 |
f |
f |
|a Texas A&M University
|b College Station
|c Cushing Memorial Library & Archives
|d Cushing: Maritime (Does not check out)
|e VM320 .R8
|h Library of Congress classification
|i unmediated -- volume
|k v.64
|l 1948
|m A14842159668
|p noncirc
|s cush naut
|t 0
|
| 952 |
f |
f |
|a Texas A&M University
|b College Station
|c Cushing Memorial Library & Archives
|d Cushing: Maritime (Does not check out)
|e VM320 .R8
|h Library of Congress classification
|i unmediated -- volume
|k v.56
|l 1940
|m A14842159676
|p noncirc
|s cush naut
|t 0
|
| 952 |
f |
f |
|p noncirc
|a Texas A&M University
|b College Station
|c Cushing Memorial Library & Archives
|s cush naut
|d Cushing: Maritime (Does not check out)
|t 0
|e VM320 .R8
|h Library of Congress classification
|i unmediated -- volume
|m A14842159684
|
| 998 |
f |
f |
|a VM320 .R8
|s v.8 (1897)-v.18 (1907)
|t 0
|l Cushing: Maritime (Does not check out)
|
| 998 |
f |
f |
|a VM320 .R8
|s v.13 (1902),v.56 (1940),v.64 (1948)-v.65 (1949)
|t 0
|l Cushing: Maritime (Does not check out)
|